Masjid : budaya & senibina

Bibliographic Details
Main Author: Aizul Azli Ahmad
Format: Book
Published: Shah Alam,Selangor : Pusat Penerbitan Universiti (UPENA), Universiti Teknologi Mara , 2011
Subjects:

MARC

LEADER 00000cam a2200000 7i4500
001 0000024849
005 20130717.0
008 030613 my a
020 |a 9789673630554 ,   |c RM33.00 
040 |a INS 
090 0 0 |a NA4670   |b A95 2011 
100 1 |a Aizul Azli Ahmad 
245 1 0 |a Masjid :   |b budaya & senibina   |c Azizul Azli Ahmad 
260 |a Shah Alam,Selangor :   |b Pusat Penerbitan Universiti (UPENA), Universiti Teknologi Mara ,   |c 2011 
300 |a xx,157ms :   |b il ;   |c 21cm. 
500 |a Mengandungi indeks 
650 0 |a Islamic architecture 
650 0 |a Mosques   |x Designs and plans 
650 0 |a Mosques   |x Social aspects 
650 0 |a Religious archictecture 
999 |a 1000001229   |b BOOK   |c Open Shelf   |e Default branch